| 000 | 00640nam a2200217Ia 4500 | ||
|---|---|---|---|
| 001 | 1627 | ||
| 003 | GE_BSU | ||
| 008 | 181216s||||||||xx |||||||||||||| ||und|| | ||
| 040 | _cGE_BSU | ||
| 080 | _a655.5/.7(035) | ||
| 245 | _aСправочник нефтепереработчика. | ||
| 245 | _bСправочник. | ||
| 245 | _cПод ред. Г.А.Ластовкина, Е.Д.Радченко, М.Г.Рудина. | ||
| 260 | _aЛ. | ||
| 260 | _bХимия. | ||
| 260 | _c1986. | ||
| 300 | _a648 стр. 21 см. | ||
| 541 | _h15 л. | ||
| 653 | _aСправочник нефтепереработчика. | ||
| 942 | _cBK | ||
| 999 |
_c35748 _d35748 |
||